| 000 | 00708nam a2200229Ia 4500 | ||
|---|---|---|---|
| 005 | 20241129110058.0 | ||
| 008 | 241129s9999||||xx |||||||||||||| ||und|| | ||
| 020 | _a978-1-032-64448-6 | ||
| 037 | _aTB | ||
| 040 |
_aARTS _beng _cARTS |
||
| 041 |
_aeng _2eng |
||
| 084 |
_aX:5.95 R3 _qARTS |
||
| 100 |
_aSeshan Radhika Ed.; Shimada Ryuto Ed. _9727129 |
||
| 245 | 0 |
_aMerchants and ports in the Indian ocean world: across sea and land _cSeshan Radhika Ed.; Shimada Ryuto Ed. |
|
| 260 |
_aUK _bRoutledge _c2023 |
||
| 300 | _axiv,133p. | ||
| 365 |
_aINR _b1295 |
||
| 490 | _aRoutledge India original | ||
| 650 |
_aEconomicsCommerce _9727130 |
||
| 942 |
_cTB _hX:5.95 R3 |
||
| 999 |
_c1227223 _d1227223 |
||